000 00763nam a2200265Ia 4500
001 22081
005 20260320113340.0
008 260320s9999||||xx |||||||||||||| ||und||
022 _a11212179
041 _aITA
082 _aHR 100 V. 34 F. 2 2025
_bAP
100 _a
_e
110 _aPontificia Universita Della Santa Croce
245 0 _aActa philosophica :
_brivista internazionale di filosofia
246 _a
_5
_b
260 _aPisa :
_bFabrizio Serra Editore,
_c2025
300 _apáginas 228-428 :
_b
_c24 cm.
_e
440 _a
_n
_v
650 _aFIP
653 _aFilosofía - Revista
654 _aCHU
700 _a
_c
856 _uhttps://dialnet.unirioja.es/revista/10300/V/34?anualidad=2025
_zVersión digital
942 _cREV
_dJUS
_fMAT
_2ddc
_n
999 _c22081
_d22081